[Event "4. Magistral Casino Ciutat de Barcelona"]
[Site "Barcelona ESP"]
[Date "2007.10.18"]
[Round "1.1"]
[White "Gashimov, Vugar"]
[Black "Beliavsky, Alexander G"]
[Result "1/2-1/2"]
[WhiteElo "2663"]
[BlackElo "2646"]
[PlyCount "81"]
[EventDate "2007.10.18"]
[EventType "tourn"]
[EventRounds "9"]
[EventCountry "ESP"]
[EventCategory "15"]
[Source "lmi"]
[SourceDate "2007.10.18"]

1. e4 e5 2. Nf3 Nc6 3. Bb5 a6 4. Ba4 Nf6 5. O-O Be7 6. Re1 b5 7. Bb3 d6 8. c3
O-O 9. h3 Bb7 10. d4 Re8 11. Nbd2 Bf8 12. d5 Ne7 13. Nf1 Ng6 14. a4 Nd7 15. Ba2
h6 16. N3h2 Nf4 17. Qf3 Nc5 18. Bxf4 exf4 19. axb5 axb5 20. b4 Na4 21. Qd3 g6
22. Bb3 Nb6 23. Nf3 Rxa1 24. Rxa1 Bc8 25. Nd4 Bd7 26. Ra5 Bg7 27. Nxb5 Bxb5 28.
Rxb5 Qf6 29. c4 Nd7 30. Bd1 Ra8 31. c5 Qa1 32. cxd6 cxd6 33. Ra5 Rxa5 34. bxa5
Qxa5 35. Qd2 Qa1 36. Bg4 Nc5 37. Qxf4 Bd4 38. Be2 Qe1 39. Qf3 Qb1 40. g3 Qxe4
41. Kg2 1/2-1/2

[Event "4. Magistral Casino Ciutat de Barcelona"]
[Site "Barcelona ESP"]
[Date "2007.10.19"]
[Round "2.2"]
[White "Narciso Dublan, Marc"]
[Black "Oms Pallise, Josep"]
[Result "1-0"]
[WhiteElo "2546"]
[BlackElo "2506"]
[PlyCount "107"]
[EventDate "2007.10.18"]
[EventType "tourn"]
[EventRounds "9"]
[EventCountry "ESP"]
[EventCategory "15"]
[Source "lmi"]
[SourceDate "2007.10.18"]

1. e4 c5 2. Nf3 e6 3. d4 cxd4 4. Nxd4 a6 5. Bd3 Bc5 6. Nb3 Ba7 7. O-O d6 8. Qe2
Ne7 9. Be3 O-O 10. Bxa7 Rxa7 11. f4 Nd7 12. N1d2 Qc7 13. Rf3 e5 14. f5 Nf6 15.
c4 Kh8 16. Qf2 b5 17. cxb5 axb5 18. Bxb5 d5 19. exd5 Nexd5 20. Qc5 Qxc5+ 21.
Nxc5 Nb4 22. a4 Nc2 23. Rc1 Nd4 24. Re3 Re7 25. Nc4 e4 26. Nd6 Nxf5 27. Nxf5
Bxf5 28. Rd1 Re5 29. Nb3 Nd5 30. Ree1 Nb4 31. Nd4 Bg4 32. Rc1 h6 33. h3 Bh5 34.
Nc6 Nxc6 35. Bxc6 f5 36. b4 Be8 37. b5 Bxc6 38. Rxc6 f4 39. Rc4 e3 40. b6 Kh7
41. Rb1 Rd5 42. Rc2 Rd4 43. Ra2 e2 44. Re1 f3 45. gxf3 Rxf3 46. Rexe2 Rxh3 47.
a5 Rb3 48. Rab2 Ra3 49. b7 Rd8 50. Ra2 Rg3+ 51. Rg2 Rb3 52. Rgb2 Rd1+ 53. Kf2
Rdd3 54. Rxb3 1-0

[Event "4. Magistral Casino Ciutat de Barcelona"]
[Site "Barcelona ESP"]
[Date "2007.10.21"]
[Round "4.2"]
[White "Fluvia Poyatos, Jordi"]
[Black "Illescas Cordoba, Miguel"]
[Result "1/2-1/2"]
[WhiteElo "2508"]
[BlackElo "2598"]
[PlyCount "79"]
[EventDate "2007.10.18"]
[EventType "tourn"]
[EventRounds "9"]
[EventCountry "ESP"]
[EventCategory "15"]
[Source "lmi"]
[SourceDate "2007.10.18"]

1. e4 c6 2. d4 d5 3. e5 Bf5 4. Nf3 e6 5. Be2 Nd7 6. O-O Bg6 7. b3 Ne7 8. c4 Nf5
9. Nc3 Bb4 10. Na4 O-O 11. a3 Be7 12. h3 Nh4 13. Nxh4 Bxh4 14. Be3 Be7 15. f4
Kh8 16. Nc3 f6 17. Bh5 Bxh5 18. Qxh5 f5 19. Qf3 Nb6 20. c5 Nd7 21. b4 b6 22.
Ne2 a5 23. Bd2 axb4 24. axb4 Qc7 25. Qc3 Qb7 26. Rxa8 Rxa8 27. Ra1 Ra6 28. Kf2
b5 29. Rxa6 Qxa6 30. Bc1 Kg8 31. Qa3 Qxa3 32. Bxa3 Kf7 33. Bc1 Nb8 34. Bd2 Na6
35. Nc1 Bd8 36. Nd3 Nb8 37. Ne1 Na6 38. Nd3 Nb8 39. Ne1 Na6 40. Nd3 1/2-1/2

[Event "4. Magistral Casino Ciutat de Barcelona"]
[Site "Barcelona ESP"]
[Date "2007.10.21"]
[Round "4.4"]
[White "Gashimov, Vugar"]
[Black "Dominguez Perez, Lenier"]
[Result "1/2-1/2"]
[WhiteElo "2663"]
[BlackElo "2683"]
[PlyCount "69"]
[EventDate "2007.10.18"]
[EventType "tourn"]
[EventRounds "9"]
[EventCountry "ESP"]
[EventCategory "15"]
[Source "lmi"]
[SourceDate "2007.10.18"]

1. e4 e5 2. Nf3 Nf6 3. Nxe5 d6 4. Nf3 Nxe4 5. d4 d5 6. Bd3 Nc6 7. O-O Be7 8.
Nc3 Bf5 9. Re1 Nxc3 10. bxc3 Bxd3 11. Qxd3 O-O 12. Rb1 Rb8 13. Qf5 g6 14. Qh3
b5 15. Bf4 Qc8 16. Qg3 Rb7 17. Ne5 Nxe5 18. Rxe5 c6 19. Rbe1 Bd6 20. R5e3 Bxf4
21. Qxf4 c5 22. Qh6 cxd4 23. cxd4 Qd7 24. h4 Rbb8 25. Qg5 Rbe8 26. h5 Rxe3 27.
Rxe3 Re8 28. Rxe8+ Qxe8 29. h6 Qf8 30. Qxd5 Qxh6 31. Qxb5 Qc1+ 32. Kh2 Qf4+ 33.
Kg1 Qc1+ 34. Kh2 Qf4+ 35. Kg1 1/2-1/2

[Event "4. Magistral Casino Ciutat de Barcelona"]
[Site "Barcelona ESP"]
[Date "2007.10.22"]
[Round "5.3"]
[White "Oms Pallise, Josep"]
[Black "Gashimov, Vugar"]
[Result "0-1"]
[WhiteElo "2506"]
[BlackElo "2663"]
[PlyCount "142"]
[EventDate "2007.10.18"]
[EventType "tourn"]
[EventRounds "9"]
[EventCountry "ESP"]
[EventCategory "15"]
[Source "lmi"]
[SourceDate "2007.10.18"]

1. d4 Nf6 2. c4 e6 3. Nf3 c5 4. d5 exd5 5. cxd5 Bd6 6. Nc3 O-O 7. e4 Re8 8. Bd3
Bc7 9. O-O d6 10. h3 Nbd7 11. Re1 a6 12. a4 Nf8 13. Bf4 Ng6 14. Bh2 Rb8 15. Bf1
Nd7 16. Qd2 h6 17. Rad1 Qf6 18. Qc1 Ba5 19. Nd2 Nde5 20. Nb3 Bb6 21. Qe3 Qd8
22. Kh1 c4 23. Nd4 Qf6 24. Qd2 Bd7 25. f3 Bc5 26. a5 Bb4 27. f4 Nd3 28. Bxd3
Qxd4 29. Bc2 Qxd2 30. Rxd2 Bxa5 31. e5 Nf8 32. Rde2 Bb4 33. Ra1 Rbd8 34. Bg3
Ra8 35. Be1 a5 36. Kh2 b5 37. Ne4 dxe5 38. Bxb4 axb4 39. Rxa8 Rxa8 40. fxe5 b3
41. Bb1 Bf5 42. Nd2 Bxb1 43. Nxb1 Ra1 44. Nd2 Ra2 45. e6 fxe6 46. dxe6 Nxe6 47.
Rxe6 Rxb2 48. Nf3 Rf2 49. Rb6 Rxf3 50. gxf3 b2 51. Rxb5 c3 52. Kg2 Kf7 53. Rb6
h5 54. h4 c2 55. Rxb2 c1=Q 56. Re2 g5 57. hxg5 Qxg5+ 58. Kh3 Qf4 59. Rg2 Kf6
60. Rg3 Qc1 61. Kg2 Kf5 62. Rh3 Qg5+ 63. Rg3 Qd2+ 64. Kh3 Qe1 65. Kg2 Kf4 66.
Rh3 Qe2+ 67. Kg1 Qe1+ 68. Kg2 h4 69. Kh2 Qf2+ 70. Kh1 Kf5 71. f4 Kg4 0-1

[Event "4. Magistral Casino Ciutat de Barcelona"]
[Site "Barcelona ESP"]
[Date "2007.10.23"]
[Round "6.3"]
[White "Gashimov, Vugar"]
[Black "Illescas Cordoba, Miguel"]
[Result "0-1"]
[WhiteElo "2663"]
[BlackElo "2598"]
[PlyCount "120"]
[EventDate "2007.10.18"]
[EventType "tourn"]
[EventRounds "9"]
[EventCountry "ESP"]
[EventCategory "15"]
[Source "lmi"]
[SourceDate "2007.10.18"]

1. e4 e5 2. Nf3 Nf6 3. Nxe5 d6 4. Nf3 Nxe4 5. d4 d5 6. Bd3 Be7 7. O-O Nc6 8.
Nc3 Nxc3 9. bxc3 Bg4 10. Rb1 Rb8 11. h3 Bh5 12. Re1 O-O 13. g4 Bg6 14. Bf4 Bd6
15. Qd2 Ne7 16. Ne5 Bxd3 17. Nxd3 Nc8 18. Ne5 Nb6 19. Qe2 c6 20. g5 Qc7 21. Qg4
Rbe8 22. Bg3 Re7 23. Re2 Rfe8 24. Rbe1 Qc8 25. Qxc8 Nxc8 26. Bh4 Re6 27. Kf1
Ne7 28. f3 Nf5 29. Bf2 h6 30. h4 h5 31. c4 f6 32. cxd5 cxd5 33. gxf6 gxf6 34.
Nd3 Rxe2 35. Rxe2 Rxe2 36. Kxe2 Kf7 37. Ne1 Ke6 38. Kd3 b5 39. Ng2 Ne7 40. Be1
Kd7 41. Kc3 Nf5 42. Kd3 Kc6 43. c3 a5 44. Bf2 b4 45. cxb4 axb4 46. Kc2 Kb5 47.
Kb3 Ne7 48. Ne3 f5 49. Ng2 Nc6 50. Be3 Bg3 51. f4 Na5+ 52. Kc2 Ka4 53. Bc1 Nc4
54. Kd3 Bf2 55. Kc2 Bxd4 56. Ne1 Bf2 57. Nf3 Ne3+ 58. Kd3 Ng2 59. Ke2 Bg3 60.
Nd4 Bxf4 0-1

[Event "4. Magistral Casino Ciutat de Barcelona"]
[Site "Barcelona ESP"]
[Date "2007.10.24"]
[Round "7.1"]
[White "Dominguez Perez, Lenier"]
[Black "Beliavsky, Alexander G"]
[Result "1-0"]
[WhiteElo "2683"]
[BlackElo "2646"]
[PlyCount "93"]
[EventDate "2007.10.18"]
[EventType "tourn"]
[EventRounds "9"]
[EventCountry "ESP"]
[EventCategory "15"]
[Source "lmi"]
[SourceDate "2007.10.18"]

1. e4 e5 2. Nf3 Nc6 3. Bb5 a6 4. Ba4 Nf6 5. O-O Be7 6. Re1 b5 7. Bb3 O-O 8. h3
Bb7 9. d3 d6 10. a3 Na5 11. Ba2 c5 12. Nc3 Nc6 13. Nh2 Nd4 14. Nf1 Nd7 15. Nd5
Bg5 16. Bxg5 Qxg5 17. c3 Ne6 18. Nfe3 g6 19. g3 Kh8 20. h4 Qd8 21. Qg4 Nf6 22.
Nxf6 Qxf6 23. a4 Nc7 24. Qd7 Qd8 25. Qxd8 Raxd8 26. axb5 axb5 27. Bb3 Kg7 28.
Ra7 Rb8 29. Rea1 Rfc8 30. f3 Bc6 31. R1a2 c4 32. dxc4 b4 33. cxb4 Rxb4 34. Bd1
Ne6 35. b3 Nc5 36. R2a3 Rbb8 37. Kf2 Bd7 38. Ke2 Be6 39. Kd2 Rb6 40. Kc3 Rcb8
41. Bc2 h5 42. f4 exf4 43. gxf4 Bg4 44. Nd5 Rc6 45. b4 Ne6 46. Bd3 Bf3 47. Re7
1-0

[Event "4. Magistral Casino Ciutat de Barcelona"]
[Site "Barcelona ESP"]
[Date "2007.10.24"]
[Round "7.4"]
[White "Narciso Dublan, Marc"]
[Black "Gashimov, Vugar"]
[Result "1/2-1/2"]
[WhiteElo "2546"]
[BlackElo "2663"]
[PlyCount "94"]
[EventDate "2007.10.18"]
[EventType "tourn"]
[EventRounds "9"]
[EventCountry "ESP"]
[EventCategory "15"]
[Source "lmi"]
[SourceDate "2007.10.18"]

1. d4 Nf6 2. c4 e6 3. Nc3 Bb4 4. Qc2 d5 5. cxd5 exd5 6. Bg5 c5 7. dxc5 h6 8.
Bh4 g5 9. Bg3 Ne4 10. e3 Qa5 11. Nge2 Bf5 12. Be5 O-O 13. Nd4 Nd7 14. Nxf5 Nxe5
15. Ne7+ Kg7 16. Nexd5 Bxc3+ 17. Nxc3 Nxc3 18. Qxc3 Qxc3+ 19. bxc3 Rac8 20.
O-O-O Rxc5 21. Be2 Rxc3+ 22. Kb2 Rc6 23. Rc1 Rb6+ 24. Ka3 Rf6 25. f3 Rd8 26.
Rhd1 Rfd6 27. Rxd6 Rxd6 28. Rb1 b6 29. Kb3 Nd7 30. Rd1 Nc5+ 31. Kc3 Rc6 32. Rd4
a6 33. Kd2 b5 34. h4 Ne6 35. Rb4 Rd6+ 36. Ke1 Nc5 37. hxg5 hxg5 38. Rb1 Na4 39.
Rc1 Kf6 40. Rc7 Nb6 41. e4 Nd7 42. Kf2 Nf8 43. Ke3 Ne6 44. Rc1 Nf4 45. Bf1 Ne6
46. Be2 Nf4 47. Bf1 Ne6 1/2-1/2

[Event "4. Magistral Casino Ciutat de Barcelona"]
[Site "Barcelona ESP"]
[Date "2007.10.24"]
[Round "7.5"]
[White "Fluvia Poyatos, Jordi"]
[Black "Krasenkow, Michal"]
[Result "0-1"]
[WhiteElo "2508"]
[BlackElo "2668"]
[PlyCount "82"]
[EventDate "2007.10.18"]
[EventType "tourn"]
[EventRounds "9"]
[EventCountry "ESP"]
[EventCategory "15"]
[Source "lmi"]
[SourceDate "2007.10.18"]

1. e4 e5 2. Nf3 Nc6 3. Bb5 Nf6 4. O-O Nxe4 5. d4 Nd6 6. Bxc6 dxc6 7. dxe5 Nf5
8. Qxd8+ Kxd8 9. Re1 h6 10. b3 a5 11. a4 Be6 12. Bb2 Bb4 13. c3 Be7 14. Nbd2
Kc8 15. Red1 b6 16. h3 h5 17. c4 g5 18. Ne4 g4 19. hxg4 hxg4 20. Nd4 Nxd4 21.
Bxd4 Kb7 22. Be3 Bf5 23. Ng3 Bc2 24. Rd2 Bxb3 25. c5 Rhd8 26. Rb2 Rd1+ 27. Rxd1
Bxd1 28. Nf5 Bf8 29. cxb6 Bxa4 30. bxc7+ Kxc7 31. Bb6+ Kd7 32. Ra2 Bb5 33. Rxa5
Rxa5 34. Bxa5 Ke6 35. Ne3 Be2 36. Bc3 Bh6 37. Nc2 c5 38. Bd4 Kd5 39. Bc3 Bf4
40. Ne3+ Ke4 41. Bd2 Bxe5 0-1

[Event "4. Magistral Casino Ciutat de Barcelona"]
[Site "Barcelona ESP"]
[Date "2007.10.25"]
[Round "8.2"]
[White "Gashimov, Vugar"]
[Black "Fluvia Poyatos, Jordi"]
[Result "1-0"]
[WhiteElo "2663"]
[BlackElo "2508"]
[PlyCount "101"]
[EventDate "2007.10.18"]
[EventType "tourn"]
[EventRounds "9"]
[EventCountry "ESP"]
[EventCategory "15"]
[Source "lmi"]
[SourceDate "2007.10.18"]

1. c4 Nf6 2. g3 g6 3. Bg2 Bg7 4. Nc3 O-O 5. d3 e5 6. e4 c6 7. Nge2 d6 8. O-O a6
9. h3 b5 10. f4 exf4 11. Bxf4 Be6 12. Qd2 bxc4 13. d4 d5 14. Bg5 dxe4 15. Rf2
Nbd7 16. Raf1 Bd5 17. Kh1 Re8 18. Nxd5 cxd5 19. Nc3 e3 20. Bxe3 Nh5 21. Ne2 Qe7
22. Bxd5 Qxe3 23. Rxf7 Ndf6 24. Qxe3 Rxe3 25. Ra7+ Nxd5 26. Rxa8+ Bf8 27.
Raxf8+ Kg7 28. R1f7+ Kh6 29. g4 Rxe2 30. gxh5 Rxb2 31. hxg6 hxg6 32. Rf2 Rb1+
33. Kh2 Rd1 34. Rh8+ Kg7 35. Rd8 Rxd4 36. Rd7+ Kh6 37. Rd6 c3 38. Rg2 Kh5 39.
Rdxg6 c2 40. R2g5+ Kh4 41. Rg4+ Kh5 42. Rc6 Rxg4 43. hxg4+ Kxg4 44. Rxc2 Kf3
45. Rc4 Ke3 46. Kg3 Kd3 47. Ra4 Kc3 48. Rxa6 Kb2 49. a4 Kb3 50. a5 Kb4 51. Rh6
1-0

[Event "4. Magistral Casino Ciutat de Barcelona"]
[Site "Barcelona ESP"]
[Date "2007.10.25"]
[Round "8.5"]
[White "Dominguez Perez, Lenier"]
[Black "Oms Pallise, Josep"]
[Result "1-0"]
[WhiteElo "2683"]
[BlackElo "2506"]
[PlyCount "87"]
[EventDate "2007.10.18"]
[EventType "tourn"]
[EventRounds "9"]
[EventCountry "ESP"]
[EventCategory "15"]
[Source "lmi"]
[SourceDate "2007.10.18"]

1. e4 e6 2. d4 d5 3. Nc3 Nf6 4. e5 Nfd7 5. f4 c5 6. Nf3 Nc6 7. Be3 cxd4 8. Nxd4
Bc5 9. Qd2 a6 10. g3 Bxd4 11. Bxd4 Nxd4 12. Qxd4 Qb6 13. O-O-O Qxd4 14. Rxd4
Nb8 15. Bg2 Bd7 16. Rhd1 Nc6 17. R4d2 Ne7 18. Ne4 O-O 19. Nd6 Bc6 20. c4 dxc4
21. Bxc6 bxc6 22. Nxc4 Nd5 23. a3 h6 24. Rc2 g5 25. fxg5 hxg5 26. Rd4 Kh7 27.
Na5 Rac8 28. Nxc6 Rc7 29. Nb4 Rxc2+ 30. Kxc2 Nxb4+ 31. Rxb4 Kg6 32. Re4 Kf5 33.
Re2 Rd8 34. b4 Rd5 35. a4 Kg4 36. Re3 Kh3 37. Re2 Kg4 38. Re3 Kh3 39. Kc3 Kg2
40. Kc4 Kf2 41. Rb3 Rxe5 42. b5 axb5+ 43. axb5 Rd5 44. Rd3 1-0

[Event "4. Magistral Casino Ciutat de Barcelona"]
[Site "Barcelona ESP"]
[Date "2007.10.26"]
[Round "9.5"]
[White "Krasenkow, Michal"]
[Black "Gashimov, Vugar"]
[Result "1/2-1/2"]
[WhiteElo "2668"]
[BlackElo "2663"]
[PlyCount "70"]
[EventDate "2007.10.18"]
[EventType "tourn"]
[EventRounds "9"]
[EventCountry "ESP"]
[EventCategory "15"]
[Source "lmi"]
[SourceDate "2007.10.18"]

1. d4 Nf6 2. Nf3 e6 3. g3 c5 4. Bg2 cxd4 5. Nxd4 d5 6. O-O e5 7. Nb3 Be7 8. Bg5
Nbd7 9. e3 h6 10. Bxf6 Nxf6 11. Nc3 e4 12. f3 exf3 13. Bxf3 Be6 14. Qd4 O-O 15.
Rad1 Qc7 16. Bxd5 Nxd5 17. Nxd5 Bxd5 18. Qxd5 Bg5 19. c3 Bxe3+ 20. Kg2 Rad8 21.
Qf3 Bb6 22. Rfe1 Rxd1 23. Rxd1 Re8 24. Nd4 Bxd4 25. Rxd4 Qe7 26. Rd2 b6 27. c4
h5 28. Qxh5 Qe4+ 29. Qf3 Qxc4 30. b3 Qe6 31. Rf2 g6 32. Rd2 Qe1 33. Rf2 Qe6 34.
Rd2 Qe1 35. Rf2 Qe6 1/2-1/2